000 00661nam a2200253Ia 4500
003 OSt
005 20220918200721.0
006 a|||||r|||| 00| 0
007 ta
008 220917b |||||||| |||| 00| 0 eng d
024 _a89,972
037 _cTextual
040 _aARTS
_cARTS
_beng
041 _2eng
_aeng
082 _aU8.4g7H, L7
100 _aSarma M M
_995263
245 0 _aThrough the valley of Gods; travels in the Central Himalayas
250 _a2nd
260 _aNew Delhi
_bVision
_c1977
300 _axii, 279p.
_ccm.
650 _aGEOGRAPHY
942 _hU8.4g7H, L7
_cTEXL
_2CC
999 _c213641
_d213641